Statistics for NBA Players from Memphis

Click here to take the quiz!

General Stats

  • This quiz has been taken 8 times
    (3 since last reset)
  • The average score is 6 of 34

Answer Stats

PositionPlayerDraft Year% Correct
PGDerrick Rose2008
100%
GElliot Williams2010
67%
FShawne Williams2006
67%
GDajuan Wagner2002
33%
SFChris Douglas-Roberts2008
33%
FCJoey Dorsey2008
33%
GTyreke Evans2009
33%
PGElliot Perry1991
33%
SGAntonio Anderson2009
33%
FCKeith Lee1985
33%
GFD.J. Stephens2013
33%
PFTarik Black2014
33%
SFRich Jones1969
33%
GAntonio Burks2004
0%
GFWill Barton2012
0%
PFAdonis Thomas2013
0%
PGDarius Washington2006
0%
FRodney Carney2006
0%
GWin Wilfong1957
0%
CEarl Barron2003
0%
CWayne Yates1961
0%
SFCedric Henderson1997
0%
GChris Garner1997
0%
FCLorenzen Wright1996
0%
FDavid Vaughn1995
0%
PGPenny Hardaway1993
0%
CTodd Mundt1993
0%
FSylvester Gray1988
0%
GFVincent Askew1987
0%
CWilliam Bedford1986
0%
GAndre Turner1986
0%
FCHank McDowell1981
0%
PFLarry Kenon1973
0%
PGJeremiah Martin2019
0%

Score Distribution

Percentile by Number Answered

Percent of People with Each Score

Your Score History

You have not taken this quiz since the last reset